Statistics for Hollowknight Bosses Quiz

Click here to take the quiz!

General Stats

  • This quiz has been taken 91 times
  • The average score is 32 of 47

Answer Stats

Answer% Correct
Hornet (Protector)
93%
Absolute Radiance
91%
False Knight
91%
The Radiance
91%
The Hollowknight
88%
Gruz Mother
86%
Mantis Lords
86%
Dung Defender
79%
Failed Champion
79%
Lost Kin
79%
Soul Master
79%
Hornet (Sentinel)
77%
Vengefly King
77%
Broken Vessel
74%
Soul Tyrant
72%
Troupe Master Grimm
72%
Xero
72%
Elder Hu
70%
Gorb
70%
Nightmare King Grimm
70%
Pure Vessel
70%
Uumuu
70%
White Defender
70%
Zote The Mighty
70%
Massive Moss Charger
67%
Sisters of Battle
67%
Brothers Oro & Mato
65%
Watcher Knights
65%
Brooding Mawlek
63%
Great Nailsage Sly
63%
Hive Knight
63%
Marmu
63%
No Eyes
63%
Paintmaster Sheo
63%
Traitor Lord
63%
Crystal Guardian
60%
God Tamer
60%
Markoth
60%
Nosk
60%
Soul Warrior
60%
Enraged Guardian
56%
Galien
53%
Oblobbles
53%
The Collector
53%
Flukemarm
51%
Grey Prince Zote
51%
Winged Nosk
47%

Score Distribution

Percentile by Number Answered

Percent of People with Each Score

Your Score History

You have not taken this quiz